00921 2200337 4500001002100000005001500021035002000036007000300056040001600059100002100075245004300096250001200139300003900151020002200190041000800212082001400220084002000234090002200254264003700276336002100313337003000334338002300364500002900387650001200416850001000428008004100438700003600479990002200515990002300537990002300560INLIS00000000000447720260525124647 a0010-0122000109ta aSBUPADbind0 aHamkaePengarang1 aTerusir /cHamka; penyunting, Dharmadi a.-cet.1 aviii,132 hal. :billus. ;c18,3 cm a978-602-250-292-0 aind a899.221.3 a899.221.3 HAM t a005.36 MAD r 1-11 a.--jakarta :bGema Insani,c2016 2rdacontentaTeks 2rdamediaaTanpa Perantara 2rdacarrieravolume aTentang Penulis, hlm 125 4aTerusir aPUPAD260525 0  apenyunting, DharmadiePengarang a36.055/B/DPK/2021 a36.054/BR/DPK/2021 a36.056/BR/DPK/2021